LEADER 02601oam 2200781 450 001 9910711521103321 005 20210916105350.0 035 $a(CKB)5470000002484844 035 $a(OCoLC)1066696663 035 $a(EXLCZ)995470000002484844 100 $a20181120d2018 ua 0 101 0 $aeng 135 $aurgn||||||||| 181 $ctxt$2rdacontent 182 $cc$2rdamedia 183 $acr$2rdacarrier 200 10$aCombating the opioid crisis $ehearing before the Committee on Oversight and Government Reform, House of Representatives, One Hundred Fifteenth Congress, first session, November 28, 2017 210 1$aWashington :$cU.S. Government Publishing Office,$d2018. 215 $a1 online resource (iii, 118 pages) $cillustration 300 $a"Serial no. 115-101." 300 $aField hearing in Baltimore, Maryland. 320 $aIncludes bibliographical references. 517 $aCombating the opioid crisis 606 $aOpioid abuse$zUnited States 606 $aOpioids$xOverdose$xPrevention$xGovernment policy$zUnited States 606 $aDrug addiction$xPrevention$xGovernment policy$zUnited States 606 $aDrug abuse$xTreatment$xGovernment policy$zUnited States 606 $aDrug control$zUnited States 606 $aMental health policy$zUnited States 606 $aDrug abuse$xTreatment$xGovernment policy$2fast 606 $aDrug control$2fast 606 $aInfluence (Literary, artistic, etc.)$2fast 606 $aMental health policy$2fast 606 $aOpioid abuse$2fast 607 $aUnited States$2fast 608 $aLegislative hearings.$2fast 608 $aLegislative hearings.$2lcgft 615 0$aOpioid abuse 615 0$aOpioids$xOverdose$xPrevention$xGovernment policy 615 0$aDrug addiction$xPrevention$xGovernment policy 615 0$aDrug abuse$xTreatment$xGovernment policy 615 0$aDrug control 615 0$aMental health policy 615 7$aDrug abuse$xTreatment$xGovernment policy. 615 7$aDrug control. 615 7$aInfluence (Literary, artistic, etc.) 615 7$aMental health policy. 615 7$aOpioid abuse. 801 0$bGPO 801 1$bGPO 801 2$bGPO 801 2$bMERUC 801 2$bOCLCF 801 2$bWTU 801 2$bOCLCO 801 2$bZCY 801 2$bOCLCO 801 2$bUUM 801 2$bOCLCO 801 2$bNJT 801 2$bOCLCO 801 2$bDWP 801 2$bOCLCQ 801 2$bGPO 906 $aBOOK 912 $a9910711521103321 996 $aCombating the opioid crisis$93475654 997 $aUNINA LEADER 01729nas 2200505 n 450 001 996202287903316 005 20231011214332.0 011 $a2058-1076 035 $a(CKB)954925472366 035 $a(CONSER) 80647585 035 $a(DE-599)ZDB2486849-8 035 $a(EXLCZ)99954925472366 100 $a20791127b19792001 uy a 101 0 $aeng 200 00$aThird world planning review 210 $aLiverpool [Eng.]$cLiverpool University Press 215 $a1 online resource 300 $aRefereed/Peer-reviewed 311 $aPrint version: Third world planning review. (DLC) 80647585 (OCoLC)5733646 0142-7849 517 1 $aTWPR 531 $aTHIRD WORLD PLANN REV 531 $aTHIRD WORLD PLAN REV 531 0 $aThird world plann. rev. 606 $aCity planning$zDeveloping countries$vPeriodicals 606 $aRegional planning$zDeveloping countries$vPeriodicals 606 $aVilles$xAme?nagement et assainissement$zPays en voie de de?veloppement$vPe?riodiques 606 $aAme?nagement du territoire$zPays en voie de de?veloppement$vPe?riodiques 606 $aPlanning$2gtt 606 $aDEVELOPING COUNTRIES$2unbist 606 $aDEVELOPMENT PLANNING$2unbist 606 $aHUMAN SETTLEMENTS$2unbist 615 0$aCity planning 615 0$aRegional planning 615 6$aVilles$xAme?nagement et assainissement 615 6$aAme?nagement du territoire 615 17$aPlanning. 615 07$aDEVELOPING COUNTRIES. 615 07$aDEVELOPMENT PLANNING. 615 07$aHUMAN SETTLEMENTS. 676 $a361.6/09172/4 906 $aJOURNAL 912 $a996202287903316 920 $aexl_impl conversion 996 $aThird world planning review$91322541 997 $aUNISA